000 00443nam a2200169Ia 4500
008 231217s9999 xx 000 0 und d
041 _aEnglish
082 _a001.6424C ARC2;1 R
100 _aArcher, Tom Whitechapel, Andrew
245 0 _aInside C# : microsoft.net
250 _a2nd ed.
260 _c2002
_bWP Publishers
_aBangalore
300 _axxxiii+873
300 _cCD2360
650 _aInside,C#,:,microsoft.net
942 _cAA
999 _c176465
_d176465